000240236 001__ 240236
000240236 005__ 20210922173114.0
000240236 0247_ $$2BMBF$$aG:(BMBF)01LK1502E$$d01LK1502E
000240236 0247_ $$2Dimensions$$aG:(Dimensions)grant.7954425$$dgrant.7954425
000240236 035__ $$aG:(BMBF)01LK1502E
000240236 150__ $$aVerbundprojekt HD(CP)2_O, Teilprojekt 3, Beobachtungen der JOYCE Supersite$$y2016-04-01 - 2019-12-31
000240236 5101_ $$0I:(DE-588b)5309538-8 $$aFederal Ministry of Education and Research$$bBMBF
000240236 909CO $$ooai:juser.fz-juelich.de:896091$$pauthority$$pauthority:GRANT
000240236 909CO $$ooai:juser.fz-juelich.de:896091
000240236 980__ $$aG
000240236 980__ $$aAUTHORITY